<?xml version="1.0" encoding="UTF-8"?>
<record
    xmlns:xsi="http://www.w3.org/2001/XMLSchema-instance"
    xsi:schemaLocation="http://www.loc.gov/MARC21/slim http://www.loc.gov/standards/marcxml/schema/MARC21slim.xsd"
    xmlns="http://www.loc.gov/MARC21/slim">

  <leader>00431nam a22001097a 4500</leader>
  <datafield tag="040" ind1=" " ind2=" ">
    <subfield code="c">rua</subfield>
  </datafield>
  <datafield tag="082" ind1=" " ind2=" ">
    <subfield code="a">KIN JUL 2016 C011 Or.</subfield>
  </datafield>
  <datafield tag="245" ind1=" " ind2=" ">
    <subfield code="a">Chronic Food Insecurity Situation Overview in !0 Provinces 2016-2020,&#x179F;&#x17D2;&#x1790;&#x17B6;&#x1793;&#x1797;&#x17B6;&#x1796;&#x17A2;&#x179F;&#x1793;&#x17D2;&#x178F;&#x17B7;&#x179F;&#x17BB;&#x1781;&#x179F;&#x17D2;&#x1794;&#x17C0;&#x1784;&#x179A;&#x17BB;&#x17B6;&#x17C6;&#x179A;&#x17C9;&#x17C3;&#x1793;&#x17C5; &#x17E1;&#x17E0;&#x1781;&#x17C1;&#x178F;&#x17D2;&#x178F; &#x17E2;&#x17E0;&#x17E1;&#x17E6;-&#x17E2;&#x17E0;&#x17E2;&#x17E0;</subfield>
  </datafield>
  <datafield tag="260" ind1=" " ind2=" ">
    <subfield code="a">phnom penh</subfield>
    <subfield code="b">rua</subfield>
    <subfield code="c">2018</subfield>
  </datafield>
  <datafield tag="300" ind1=" " ind2=" ">
    <subfield code="a">8p.</subfield>
    <subfield code="b">ill.</subfield>
    <subfield code="c">29cm.</subfield>
  </datafield>
  <datafield tag="942" ind1=" " ind2=" ">
    <subfield code="c">REC</subfield>
  </datafield>
  <datafield tag="999" ind1=" " ind2=" ">
    <subfield code="c">22126</subfield>
    <subfield code="d">22126</subfield>
  </datafield>
  <datafield tag="952" ind1=" " ind2=" ">
    <subfield code="0">0</subfield>
    <subfield code="1">0</subfield>
    <subfield code="4">0</subfield>
    <subfield code="6">KIN_JUL_2016_000000000000000_C011_OR</subfield>
    <subfield code="7">0</subfield>
    <subfield code="9">96372</subfield>
    <subfield code="a">LBC</subfield>
    <subfield code="b">LBC</subfield>
    <subfield code="c">C011</subfield>
    <subfield code="d">2023-11-07</subfield>
    <subfield code="o">KIN JUL 2016 C011 Or.</subfield>
    <subfield code="p">a073632</subfield>
    <subfield code="r">2023-11-07</subfield>
    <subfield code="y">REC</subfield>
  </datafield>
  <datafield tag="952" ind1=" " ind2=" ">
    <subfield code="0">0</subfield>
    <subfield code="1">0</subfield>
    <subfield code="4">0</subfield>
    <subfield code="6">KIN_JUL_2016_000000000000000_C011_OR</subfield>
    <subfield code="7">0</subfield>
    <subfield code="9">96373</subfield>
    <subfield code="a">LBC</subfield>
    <subfield code="b">LBC</subfield>
    <subfield code="c">C011</subfield>
    <subfield code="d">2023-11-07</subfield>
    <subfield code="o">KIN JUL 2016 C011 Or.</subfield>
    <subfield code="p">a073620</subfield>
    <subfield code="r">2023-11-07</subfield>
    <subfield code="y">REC</subfield>
  </datafield>
</record>
